Catálogo

PROGRAMAS DE AUDITORIA (Registro nro. 8674)

Detalles MARC
000 -LEADER
fixed length control field 00430nam a2200169 a 4500
001 - CONTROL NUMBER
control field 8674
005 - DATE AND TIME OF LATEST TRANSACTION
control field 20180713192626.0
008 - FIXED-LENGTH DATA ELEMENTS--GENERAL INFORMATION
fixed length control field 140415s1991 000 0 spa d
041 ## - LANGUAGE CODE
Language code of text/sound track or separate title spa
082 ## - DEWEY DECIMAL CLASSIFICATION NUMBER
Classification number 657.45
Item number SAN
100 1# - MAIN ENTRY--PERSONAL NAME
Personal name SANCHEZ ALARCON, FRANCISCO JAVIER
245 10 - TITLE STATEMENT
Title PROGRAMAS DE AUDITORIA
250 ## - EDITION STATEMENT
Edition statement 4a ed.
260 ## - PUBLICATION, DISTRIBUTION, ETC.
Place of publication, distribution, etc. [s.l.] :
Name of publisher, distributor, etc. ECASA,
Date of publication, distribution, etc. 1991
300 ## - PHYSICAL DESCRIPTION
Extent 180
650 14 - SUBJECT ADDED ENTRY--TOPICAL TERM
Topical term or geographic name entry element AUDITORIA
General subdivision PROGRAMAS
Existencias
Withdrawn status Lost status Source of classification or shelving scheme Damaged status Not for loan Collection code Home library Current library Shelving location Date acquired Source of acquisition Inventory number Total Checkouts Full call number Barcode Date last seen Price effective from Koha item type
    Dewey Decimal Classification     General Biblioteca Karol Wojtyla Biblioteca Karol Wojtyla Sala general 03/12/2013 Compra 151000000000000000021169   657.45 SAN 22534 05/01/2026 03/12/2013 Libro
    Dewey Decimal Classification     General Biblioteca Karol Wojtyla Biblioteca Karol Wojtyla Sala general 03/12/2013 Compra 151000000000000000021170   657.45 SAN 23117 05/01/2026 03/12/2013 Libro